000 00614cab a2200217 4500
001 WB2729-29
008 090401t1991 xxu||||| |||| 00| 0 eng d
035 _a(Sirsi) u45111
041 _aeng
245 _aRaffling a house
260 _c1991
350 _a0
490 _aEvening Standard
_v24/7/91 p19
520 _aAlthough more people are trying to sell their houses by raffle few complete the enterprise successfully.
650 _aCOMPETITIONS
650 _aHOUSE SALES
650 _aLOTTERIES AND AMUSEMENTS ACT 1976
690 _aPROPERTY LAW AND PRACTICE
942 _n0
948 _c04/03/1997
999 _c28677
_d28677